000 00922nam a22003013u 4500
001 DHIM2026032413570029
003 RU-10907106
005 20260324140406.0
007 tu
008 260324s2017 gaua||| c||| 000 0 geo d
020 _9978-9941-9468-5-1
_a9789941946851
040 _aRU-10907106
_bger
_cRU-10907106
041 _ageo
041 _aeng
110 _4Georgian National Museum
245 0 _aŻveli sak̕art̕velos monumenturi mxatvroba da misi moamageni
_bOld Georgian monumental paintings and its guardians
264 1 _aTbilisi
_bGeorgian National Museum
_c2017
300 _a320 Seiten
336 _2rdacontent
_aText
_btxt
337 _2rdamedia
_aOhne Hilfsmittel zu benutzen
_bn
338 _2rdacarrier
_aBand
_bnc
610 _aGeorgian National Museum
_968943
650 _aMonumentalkunst
_968944
650 _aKulturerbe
650 _aMuseum
651 _aGeorgien
942 _2z
_cMG
999 _c73991
_d73991